000 00457nam a2200181Ia 4500
001 9252
005 20260306160710.0
008 260306t2008||||xx |||||||||||||| ||spa||
041 _aESP
082 _a378.002
_bU61A 2005
100 _aUniversidad Nacional Hermilio Valdizan
_eAUT
245 0 _aResúmenes de tesis de postgrado 2005
260 _c2008
300 _a68 páginas :
_c21 cm.
650 _aGEN
654 _aCED
942 _cLIB
_dJUS
_fJUS
_2ddc
_n
999 _c9252
_d9252